[Event "11th American Continental Women 2018"]
[Site "Envigado"]
[Date "2018.11.20"]
[Round "6.6"]
[White "Ortiz Verdesoto, Anahi"]
[Black "Franco Valencia, Beatriz Irene"]
[Result "1-0"]
[WhiteElo "2115"]
[BlackElo "2191"]
[Annotator "TA"]
[PlyCount "89"]
[EventDate "2018.11.17"]
[EventType "swiss"]
[EventRounds "9"]
[EventCountry "COL"]
[SourceTitle "playchess.com"]
[Source "ChessBase"]
[SourceQuality "1"]

{[%evp 13,89,25,34,9,14,0,21,0,-1,-30,22,10,9,15,33,12,35,32,18,12,23,17,47,0,90,95,98,59,112,69,160,163,157,157,256,250,345,334,337,327,322,305,328,347,416,348,369,347,407,413,512,510,494,492,506,501,822,843,1129,1118,1089,1085,29980,29981,29981,29982,29980,5414,29984,29985,29985,29986,29986,29987,29987,29988,29988,29988]} 1. d4 d6 2. c4 Nd7 3. Nc3 e5 4. Nf3 g6 5. e4 Bg7 6. d5 Ne7 7. Be2 O-O 8. Rb1 {A42: Modern Defence: Averbakh Variation} (8. h4 h6 9. h5 g5 10. g4 c5 11. Be3 a6 12. Nd2 Bf6 13. a3 Kg7 14. b4 b6 15. Rb1 Ng8 16. Qa4 {1-0 (43) Chatalbashev,B (2560)-Sanduleac,V (2414) Albena 2013}) 8... a5 $146 ({Predecessor:} 8... f5 9. Ng5 Nf6 10. O-O h6 11. Nf3 fxe4 12. Ne1 Kh7 13. Be3 Nf5 14. Nc2 g5 {1-0 (37) Weaver,P-Plesko,J Seattle 1986}) 9. a3 f5 10. exf5 {The position is equal.} Nxf5 11. O-O h6 (11... Nc5 $142) 12. b4 axb4 13. axb4 b6 14. Bd3 Nf6 15. Qc2 Bd7 16. Bd2 Qe7 17. Rbe1 Qd8 18. c5 Nd4 {[#]} (18... Be8 $11) 19. Nxd4 $1 $16 exd4 20. Nb5 $36 {[%mdl 2048] White is pushing.} Ng4 (20... bxc5 $14 21. bxc5 dxc5) 21. h3 Ne5 (21... Nxf2 $1 $14 22. Rxf2 Rxf2 23. Kxf2 Qh4+ 24. Kg1 Bxh3) 22. cxd6 cxd6 23. Nxd4 Qh4 (23... Qf6 $16 {was necessary.}) 24. Re4 $18 Qd8 25. Nc6 Bxc6 26. dxc6 d5 27. Re3 Qd6 28. b5 g5 29. Rg3 Kh8 30. Qb3 Qe6 31. Be3 Nc4 32. Bxc4 dxc4 33. Qb4 Rf5 34. Bxb6 Rb8 (34... Qd5 $142 35. Rg4 Qxb5 36. Rxc4 Rc8) 35. Re3 Qd5 36. c7 Rc8 37. Rfe1 Re5 38. Rxe5 Bxe5 39. Qe7 Bg7 40. Qd8+ Qg8 41. Rd1 {White mates.} c3 {[#]} 42. Qxc8 $1 {[%mdl 576] Remove Defender, Decoy} Qxc8 43. Rd8+ {[%mdl 64] Double Attack} Kh7 44. Rxc8 c2 45. Be3 {Accuracy: White = 73%, Black = 29%.} 1-0

[Event "11th American Continental Women 2018"]
[Site "Envigado"]
[Date "2018.11.20"]
[Round "6.7"]
[White "Gonzalez Ochoa, Yoana"]
[Black "Munoz Monroy, Cinthya Carolina"]
[Result "1-0"]
[WhiteElo "2058"]
[BlackElo "2032"]
[Annotator "NA RC"]
[PlyCount "63"]
[EventDate "2018.11.17"]
[EventType "swiss"]
[EventRounds "9"]
[EventCountry "COL"]
[SourceTitle "playchess.com"]
[Source "ChessBase"]
[SourceQuality "1"]
[TimeControl "40/5400+30:1800+30"]

1. e4 d5 2. exd5 Nf6 3. Nc3 Nxd5 4. Nf3 g6 5. d4 Bg7 6. Be2 O-O 7. O-O Nxc3 8. bxc3 c5 9. Ba3 b6 10. Ne5 Bb7 11. Bf3 Qc7 12. Re1 Rd8 13. Bxb7 Qxb7 14. Rb1 Qd5 15. c4 Qxd4 16. Qf3 Bxe5 17. Qxa8 Qf4 18. g3 Qf6 19. Rbd1 Bd4 20. Qg2 Nc6 21. Kh1 Rd6 22. f4 Bc3 23. Rxd6 Qxd6 24. Rf1 Qe6 25. Qd5 Qh3 26. Rd1 Nd4 27. Qe4 Qg4 28. Rd3 h5 29. Kg2 Ba5 30. Bb2 b5 31. Bxd4 bxc4 32. Qa8+ 1-0

[Event "11th American Continental Women 2018"]
[Site "Envigado"]
[Date "2018.11.20"]
[Round "6.8"]
[White "Chirivi C, Jenny Astrid"]
[Black "Castrillon Gomez, Melissa"]
[Result "1/2-1/2"]
[WhiteElo "2118"]
[BlackElo "2301"]
[Annotator "TA"]
[PlyCount "38"]
[EventDate "2018.11.17"]
[EventType "swiss"]
[EventRounds "9"]
[EventCountry "COL"]
[SourceTitle "playchess.com"]
[Source "ChessBase"]
[SourceQuality "1"]

{[%evp 17,38,35,38,16,28,0,0,0,0,0,0,0,0,0,0,-45,-56,-38,-40,-45,-51,-39,-27]} 1. d4 Nf6 2. c4 c5 3. d5 b5 4. Nf3 g6 5. Qc2 Bg7 6. e4 bxc4 7. Bxc4 d6 8. O-O O-O 9. h3 Nfd7 {LiveBook: 12 Games. A57: Benko/Volga Gambit} (9... Ba6 10. Nbd2 Nfd7 11. Rb1 Nb6 12. b3 Nxc4 13. bxc4 Qa5 14. Rb3 Qa4 15. Bb2 Bxb2 16. Rxb2 Qxc2 17. Rxc2 Nd7 {0-1 (36) Mamedyarov,S (2764)-Ivanchuk,V (2766) Beijing 2012}) 10. Bd3 $146 ({Predecessor:} 10. Na3 Nb6 11. Bd2 Nxc4 12. Nxc4 Ba6 13. Rfe1 Nd7 14. Bc3 Bxc3 15. Qxc3 Bxc4 16. Qxc4 Rb8 17. b3 {½-½ (35) Hirneise,T (2466)-Turov,M (2595) Teplice 2017}) 10... Ba6 11. Nbd2 Nb6 {The position is equal.} 12. Rb1 Qc8 13. b3 Bxd3 14. Qxd3 Na6 15. Nc4 f5 16. a3 fxe4 {Black is slightly better.} 17. Qxe4 Qf5 18. Qxf5 Rxf5 19. Ne3 Rff8 1/2-1/2

[Event "11th American Continental Women 2018"]
[Site "Envigado"]
[Date "2018.11.20"]
[Round "6.9"]
[White "Caballero Quijano, Mitzy Mishell"]
[Black "Aliaga Fernandez, Ingrid Y"]
[Result "1/2-1/2"]
[WhiteElo "1992"]
[BlackElo "2194"]
[Annotator "TA"]
[PlyCount "71"]
[EventDate "2018.11.17"]
[EventType "swiss"]
[EventRounds "9"]
[EventCountry "COL"]
[SourceTitle "playchess.com"]
[Source "ChessBase"]
[SourceQuality "1"]

{[%evp 19,71,11,11,-7,0,-25,0,0,0,0,0,0,0,-6,22,-20,11,-1,0,0,0,0,0,-8,-9,-39,-35,-45,0,0,0,0,0,0,0,-6,-2,-12,-7,-11,0,-69,0,0,0,0,0,0,0,-114,-112,-129,-47,-113]} 1. d4 d5 2. Nf3 Nf6 3. c4 dxc4 4. e3 e6 5. Bxc4 a6 6. O-O b5 7. Be2 Nbd7 {D26: Queen's Gambit Accepted: 4 e3 e6 5 Bxc5 c5 sidelines} 8. a3 c5 9. dxc5 Bxc5 10. b4 Be7 {LiveBook: 4 Games} 11. Nd4 $146 ({Predecessor:} 11. Nbd2 O-O 12. Nb3 Nb6 13. Nfd4 e5 14. Nc6 {0-1 (37) Turov,M (2628)-Van den Doel,E (2591) Haarlem 2010}) 11... Bb7 12. Bf3 Qb6 13. Bb2 O-O 14. Nb3 Rac8 15. N1d2 Bxf3 16. Nxf3 Rfd8 17. Qe2 Ne4 18. Bd4 Qb8 19. Rac1 Rxc1 20. Rxc1 Rc8 21. Rxc8+ (21. Qb2 {is more complex.} Rxc1+ 22. Qxc1 Qb7 23. h3 Bd6 24. Nfd2) 21... Qxc8 22. Ne5 Nxe5 23. Bxe5 Nd6 24. Bxd6 $1 Bxd6 25. Qd2 Qc7 26. h3 h6 27. Na5 Be5 28. Kf1 g6 29. Ke2 Bf6 30. g3 ({White should play} 30. Nb3 $11) 30... Kg7 ({Better is} 30... Qe5 $15 31. h4 Qa1) 31. Nb3 $11 Qc4+ 32. Qd3 Qc6 33. e4 h5 34. f3 {[#]} (34. Nc5 $11 {keeps the balance.}) 34... h4 $1 $17 35. gxh4 Bxh4 (35... Qc7 $17 {...Qh2+ is the strong threat.} 36. Qe3 Qh2+ 37. Qf2 Qxh3) 36. Kd2 {Precision: White = 39%, Black = 44%.} (36. Qd4+ $15 e5 37. Qxe5+ Bf6 38. Qc5) 1/2-1/2

[Event "11th American Continental Women 2018"]
[Site "Envigado"]
[Date "2018.11.20"]
[Round "6.10"]
[White "Cosme Contreras, Trilce"]
[Black "Roca Rojas, Ana Flavia"]
[Result "1/2-1/2"]
[WhiteElo "1829"]
[BlackElo "2132"]
[Annotator "TA"]
[PlyCount "82"]
[EventDate "2018.11.17"]
[EventType "swiss"]
[EventRounds "9"]
[EventCountry "COL"]
[SourceTitle "playchess.com"]
[Source "ChessBase"]
[SourceQuality "1"]

{[%evp 10,82,15,0,54,30,34,27,38,38,40,27,37,33,27,19,21,0,-7,-2,0,-25,-15,-26,0,2,45,-16,120,-5,0,-20,-9,-30,268,0,287,-16,279,-18,84,-19,76,-37,60,-78,-76,-86,-88,-134,-130,-132,-96,-97,-94,-94,-90,-94,-76,-143,-131,-106,-76,-76,-51,-61,-64,-110,-97,-81,-82,-151,-144,-133,-119]} 1. d4 Nf6 2. c4 e6 3. Nc3 Bb4 4. Qc2 O-O 5. Bg5 d5 6. e3 {LiveBook: 11 Games} a6 $146 {E32: Nimzo-Indian: Classical (4 Qc2): 4...0-0} (6... h6 $11 7. Bxf6 Qxf6) ({Predecessor:} 6... Nbd7 7. cxd5 exd5 8. Bd3 h6 9. Bh4 c6 10. Nge2 Re8 11. O-O a6 12. Rad1 Bd6 13. Kh1 Nf8 14. h3 Bd7 15. Na4 Qe7 16. a3 Rad8 17. b4 Bc8 18. Nc5 Ne6 {1-0 (54) Gareyev,T (2592)-Taher,Y (2375) Surakarta 2018}) 7. Bh4 Be7 8. Nf3 b6 {White has an edge.} 9. cxd5 exd5 10. Be2 Bb7 11. O-O Nbd7 12. Rfd1 Ne4 13. Bg3 Nxg3 14. hxg3 Re8 15. a3 c6 16. Rac1 Bd6 17. Bd3 Nf6 18. Na4 (18. e4 $14 dxe4 19. Nxe4) 18... Qe7 (18... g6 $11 {keeps the balance.}) 19. Nh4 (19. Nxb6 $16 Ra7 20. Na4) 19... Qc7 20. Nf5 Bf8 $1 21. b4 Qd7 $2 {[%mdl 8192] [#]} (21... Re6 $11 {and Black stays safe.}) 22. Nh4 $2 (22. Nxb6 $18 Qe6 23. Nxa8 Rxa8 24. Nh4) 22... g6 $2 {[%mdl 8192]} (22... Qc7 $11) 23. Nf3 $2 (23. Nxb6 $18 Qe6 24. Nxa8 Rxa8 25. Nf3) 23... Bd6 $2 {[%mdl 8192]} (23... Qc7 $11) 24. Qe2 $2 ({White must play} 24. Nxb6 $18 Qe7 25. Nxa8 Rxa8 26. Qc3) 24... Rab8 (24... Qc7 $11 {remains equal.}) 25. Rc2 ({Wrong is} 25. Bxa6 $2 Bxa6 26. Qxa6 Ra8 $17) (25. Nxb6 $16 Qd8 26. Na4) 25... Qe7 (25... Qc7 $11) 26. Nh2 ({Inferior is} 26. Bxa6 Bxa6 27. Qxa6 Ra8 $17) (26. Nxb6 $16 {Na4 is the strong threat.} Qd8 27. Na4) 26... Kg7 (26... Bc8 $15) 27. Nc3 (27. Nxb6 $14 {stays ahead.} Bc7 28. Na4) 27... b5 $17 28. Na2 Ra8 29. Nf1 a5 30. Rb1 axb4 31. Nxb4 Rec8 32. Rc3 Ra4 33. Qb2 Nd7 {[%cal Bf6d7,Bd7b6,Bb6c4][%mdl 32]} 34. Rcc1 ({White should play} 34. Qc1) 34... Nb6 35. Nd2 Bxb4 36. axb4 Rca8 {[#] Hoping for ...Ra2.} 37. Qc3 Nc4 38. Bxc4 bxc4 39. b5 Ra3 40. Qb4 (40. Qc2 $142) 40... Qxb4 41. Rxb4 Ra1 {Precision: White = 13%, Black = 34%.} 1/2-1/2

[Event "11th American Continental Women 2018"]
[Site "Envigado"]
[Date "2018.11.20"]
[Round "6.11"]
[White "Cordero, Daniela"]
[Black "Miranda Rodriguez, Tania"]
[Result "0-1"]
[WhiteElo "2085"]
[BlackElo "2246"]
[Annotator "TA"]
[PlyCount "76"]
[EventDate "2018.11.17"]
[EventType "swiss"]
[EventRounds "9"]
[EventCountry "COL"]
[SourceTitle "playchess.com"]
[Source "ChessBase"]
[SourceQuality "1"]

{[%evp 16,76,60,57,66,53,62,47,54,50,44,43,84,81,85,85,99,60,71,56,77,72,64,46,61,58,50,0,0,0,31,33,21,3,76,5,62,35,48,0,1,0,106,64,118,-25,-65,-352,-342,-336,-331,-29992,-29993,-29993,-29994,-29994,-29995,-29995,-29996,-29996,-29997,-29997,-29998]} 1. d4 Nf6 2. Nf3 c5 3. d5 g6 4. Nc3 d6 5. e4 Bg7 6. Bb5+ Nbd7 7. a4 O-O 8. O-O {A43: Schmid Benoni} Ne8 {[%cal Bf6e8,Be8c7,Bc7b5,Bb5d4][%mdl 32]} (8... a6 9. Bc4 Nb6 10. Be2 Bg4 11. Nd2 Bxe2 12. Qxe2 e6 13. dxe6 fxe6 14. Nf3 Qe7 15. Bg5 h6 {1-0 (48) Sargissian,G (2680)-El Taher,F (2483) Sharjah 2018}) 9. Bf4 {LiveBook: 5 Games} a6 10. Bc4 {White is slightly better.} Nb6 $146 ({Predecessor:} 10... Nc7 11. Re1 Rb8 12. Qd3 Nb6 13. b3 Bg4 14. e5 Bxf3 15. Qxf3 dxe5 16. Bxe5 Bxe5 17. Rxe5 {½-½ (40) Eljanov,P (2447)-Brodsky,M (2512) Polanica Zdroj 1999}) 11. Be2 Bg4 12. Nd2 Bxe2 13. Qxe2 Nc7 14. a5 Nd7 15. Nc4 Nb5 16. Qd2 b6 17. Nd1 Nd4 18. axb6 Nxb6 19. Na5 e5 20. dxe6 fxe6 {White must now prevent ...Rxf4!} 21. c3 {[#]} (21. Bg5 $5 {[%cal Rg5d8]} Qd7 22. c3 $11) 21... Rxf4 $1 {[%mdl 512]} 22. cxd4 (22. Qxf4 Ne2+) 22... Qf8 23. dxc5 dxc5 24. Nc3 Ra7 (24... Rc8 $11) 25. f3 ({White should play} 25. g3 $16 Rff7 26. e5) 25... Raf7 (25... Rc7 $11) 26. Qe2 c4 27. Kh1 Qc5 28. Rfd1 Bd4 {[#]} (28... Be5 $11 {keeps the balance.}) 29. b4 $1 {[%mdl 512]} Qd6 (29... Qxb4 $14 30. Nc6 Qxc3 31. Nxd4 Rd7) 30. Nxc4 (30. Qe1 $16) 30... Nxc4 $40 {[%mdl 128] Black is up to no good.} 31. Qxc4 $4 {[%mdl 8192]} (31. g3 $1 $15 Nb2 32. Qxb2 Rxf3 33. Nb5) 31... Rh4 $19 {[%csl Gd6][%cal Rh4h2]} 32. h3 {[#]} Rxf3 $1 {[%mdl 512]} 33. Qxd4 $2 {[#]} (33. Rxd4 {[#] gets mated.} Rhxh3+ $1 {[%mdl 512]} 34. gxh3 Rxh3+ 35. Kg1 Qg3+ 36. Kf1 Rh1+ 37. Ke2 Rh2+ 38. Kd1 Qg1+ 39. Qf1 Qxf1#) (33. Qc8+ $19 Kg7 34. Qb7+ (34. Rxd4 Rhxh3+ {[%mdl 64] Demolition} 35. gxh3 Rxh3+ 36. Kg2 Qg3+ {[%mdl 64] Double Attack} 37. Kf1 Rh1+ 38. Ke2 Rh2+ 39. Kf1 Qf2#) 34... Rf7 35. Qxa6 Qxa6 36. Rxa6 Bxc3 37. Rxe6) (33. gxf3 Rxh3+) 33... Rhxh3+ $1 {[%mdl 576] Demolition. Black mates.} 34. gxh3 Rxh3+ 35. Kg1 Qg3+ {[%mdl 64] Double Attack} 36. Kf1 Rh1+ 37. Ke2 Rh2+ 38. Kf1 Qg2+ {Accuracy: White = 36%, Black = 43%.} 0-1

[Event "11th American Continental Women 2018"]
[Site "Envigado"]
[Date "2018.11.20"]
[Round "6.12"]
[White "Toro Castaneda, Elizabeht"]
[Black "Barria Baker, Raisa Melissa"]
[Result "1/2-1/2"]
[WhiteElo "1932"]
[BlackElo "1941"]
[Annotator "NA RC"]
[PlyCount "48"]
[EventDate "2018.11.17"]
[EventType "swiss"]
[EventRounds "9"]
[EventCountry "COL"]
[SourceTitle "playchess.com"]
[Source "ChessBase"]
[SourceQuality "1"]
[TimeControl "40/5400+30:1800+30"]

1. e4 e6 2. d4 d5 3. Nc3 dxe4 4. Nxe4 Bd7 5. Nf3 Bc6 6. Bd3 Nd7 7. Bf4 Be7 8. Qe2 Ngf6 9. O-O-O Bxe4 10. Bxe4 Nxe4 11. Qxe4 c6 12. Rhe1 Nf6 13. Qd3 O-O 14. Ng5 h6 15. Ne4 Nd5 16. Bd2 b5 17. Qg3 Qc7 18. Qxc7 Nxc7 19. Bf4 Nd5 20. Bd6 Bxd6 21. Nxd6 a5 22. c3 Ra7 23. Ne4 Rb8 24. Kc2 Kf8 1/2-1/2

[Event "11th American Continental Women 2018"]
[Site "Envigado"]
[Date "2018.11.20"]
[Round "6.13"]
[White "Gomez Guardo, Laura Meli"]
[Black "Ocampo, Cristina"]
[Result "1/2-1/2"]
[WhiteElo "1842"]
[BlackElo "1771"]
[Annotator "NA RC"]
[PlyCount "87"]
[EventDate "2018.11.17"]
[EventType "swiss"]
[EventRounds "9"]
[EventCountry "COL"]
[SourceTitle "playchess.com"]
[Source "ChessBase"]
[SourceQuality "1"]
[TimeControl "40/5400+30:1800+30"]

1. d4 d5 2. c4 c6 3. Nc3 Nf6 4. Nf3 e6 5. Bg5 Be7 6. e3 Ne4 7. Bxe7 Qxe7 8. Qc2 Nxc3 9. Qxc3 Nd7 10. Bd3 O-O 11. e4 dxc4 12. Bxc4 c5 13. O-O cxd4 14. Nxd4 b6 15. Rfd1 Bb7 16. Qe3 Ne5 17. Bb3 Rfd8 18. h3 Qh4 19. Re1 Nd7 20. Nb5 Nc5 21. Bc2 e5 22. b4 Ne6 23. Rad1 Qe7 24. a3 a6 25. Nc3 Nd4 26. Bb1 Rac8 27. Rd3 Rd6 28. Red1 Rcd8 29. Ne2 Nxe2+ 30. Qxe2 Qc7 31. Rxd6 Rxd6 32. Rxd6 Qxd6 33. Qd3 Qxd3 34. Bxd3 Kf8 35. Kf1 Ke7 36. Ke2 a5 37. Ke3 f5 38. g3 fxe4 39. Bc4 Kf6 40. h4 axb4 41. axb4 Ba8 42. Bb3 Bc6 43. Bc4 Bb7 44. Bb3 1/2-1/2

[Event "11th American Continental Women 2018"]
[Site "Envigado"]
[Date "2018.11.20"]
[Round "6.14"]
[White "Moncada Correa, Sara"]
[Black "Caballero Marrugo, Maria Jose"]
[Result "1-0"]
[WhiteElo "1792"]
[BlackElo "1338"]
[Annotator "NA RC"]
[PlyCount "85"]
[EventDate "2018.11.17"]
[EventType "swiss"]
[EventRounds "9"]
[EventCountry "COL"]
[SourceTitle "playchess.com"]
[Source "ChessBase"]
[SourceQuality "1"]
[TimeControl "40/5400+30:1800+30"]

1. d4 Nf6 2. c4 e6 3. Nf3 b6 4. g3 Bb7 5. Bg2 Bb4+ 6. Bd2 Bxd2+ 7. Nbxd2 O-O 8. O-O d6 9. Qc2 Nbd7 10. Rac1 c5 11. Rfd1 Qe7 12. e4 h6 13. d5 e5 14. Re1 Nh7 15. Nf1 Ng5 16. Nxg5 Qxg5 17. Ne3 Nf6 18. Bf3 Bc8 19. h4 Qg6 20. Nf5 Bxf5 21. exf5 Qh7 22. Re3 g5 23. fxg6 fxg6 24. Qa4 Qd7 25. Qxd7 Nxd7 26. Bg4 Rad8 27. Ra3 a5 28. Rb3 Nf6 29. Be6+ Kh8 30. Rxb6 Ne4 31. Rc2 g5 32. hxg5 Nxg5 33. Bg4 Nf3+ 34. Bxf3 Rxf3 35. Kg2 Rf7 36. Ra6 h5 37. Rxa5 Rg7 38. Rc3 Rdg8 39. Ra6 Rg6 40. a3 Kh7 41. b4 cxb4 42. axb4 Kh6 43. c5 1-0

[Event "11th American Continental Women 2018"]
[Site "Envigado"]
[Date "2018.11.20"]
[Round "6.15"]
[White "Zapata, Olga Maria"]
[Black "Prado, Alexandra"]
[Result "0-1"]
[WhiteElo "1695"]
[BlackElo "1873"]
[Annotator "NA RC"]
[PlyCount "88"]
[EventDate "2018.11.17"]
[EventType "swiss"]
[EventRounds "9"]
[EventCountry "COL"]
[SourceTitle "playchess.com"]
[Source "ChessBase"]
[SourceQuality "1"]
[TimeControl "40/5400+30:1800+30"]

1. d4 Nf6 2. c4 g6 3. Nc3 Bg7 4. e4 d6 5. f3 O-O 6. Be3 Nc6 7. Qd2 a6 8. Nge2 Rb8 9. Ng3 Bd7 10. Be2 e6 11. O-O Re8 12. Rad1 e5 13. d5 Nd4 14. Bd3 c5 15. dxc6 bxc6 16. Nge2 c5 17. Rb1 h5 18. Bg5 Qc7 19. b3 Nh7 20. Be3 h4 21. Nd5 h3 22. g3 Qd8 23. f4 Bg4 24. Bxd4 exd4 25. Rbe1 Bh6 26. Qc2 Rb7 27. e5 dxe5 28. Bxg6 fxg6 29. Qxg6+ Rg7 30. Qxh6 d3 31. Nec3 Re6 32. Qh4 Qxh4 33. gxh4 Be2+ 34. Kh1 Bxf1 35. Rxf1 exf4 36. Nxf4 Rf6 37. Ncd5 Rf8 38. Rd1 Re8 39. Nxd3 Re4 40. N3f4 Rf7 41. Rg1+ Kf8 42. Ng6+ Ke8 43. Nh8 Rf2 44. Ng6 Ree2 0-1

[Event "11th American Continental Women 2018"]
[Site "Envigado"]
[Date "2018.11.22"]
[Round "7"]
[White "Cori T., Deysi"]
[Black "Llaudy Pupo, Lisandra"]
[Result "1-0"]
[WhiteElo "2406"]
[BlackElo "2302"]
[Annotator "TA"]
[PlyCount "69"]
[EventDate "2018.11.17"]
[EventType "swiss"]
[EventRounds "9"]
[EventCountry "COL"]
[SourceTitle "playchess.com"]
[Source "ChessBase"]
[SourceQuality "1"]

{[%evp 27,68,0,27,-43,-41,-39,-35,-38,-27,-31,-18,0,115,89,97,42,31,0,0,0,19,0,91,66,89,80,345,195,516,550,510,380,274,86,724,708,1781,1724,29987,29988,29993,92,29999]} 1. d4 Nf6 2. g3 e6 {[%cal Be7e6,Be6e5][%mdl 32]} 3. Bg2 c5 4. Nf3 cxd4 5. Nxd4 d5 6. c4 e5 7. Nf3 d4 8. O-O Nc6 9. e3 Bc5 10. exd4 exd4 11. Nbd2 O-O 12. Nb3 {E01: Catalan: Early deviations} Qb6 13. Bg5 Ne4 14. Bf4 Re8 {LiveBook: 10 Games} 15. Ne1 (15. a3 $11) (15. Re1 Bg4 16. h3 Bh5 17. g4 Bg6 18. Nh4 d3 19. Nxc5 Nxc5 {0-1 (46) Smirnov,P (2564)-Grischuk,A (2752) Cheliabinsk 2016}) 15... Bf5 $15 16. Nd3 {Bxe4 is the strong threat.} Bf8 17. Rc1 $146 ({Predecessor:} 17. h4 h6 18. Re1 Rad8 19. Rc1 a5 {0-1 (32) Long,P (2260)-King,D (2505) Kolkata 1992}) 17... a5 {And now ...a4 would win.} 18. a4 Rad8 19. Re1 f6 (19... Nc5 $11 {keeps the balance.} 20. Ndxc5 Bxc5 21. Rxe8+ Rxe8) 20. c5 $16 Qa6 21. Bf1 (21. Bc7 $16 Rd7 22. Bb6) 21... Qa8 $1 $14 22. g4 (22. h4 $5 {[%cal Rf2f3]} g5 23. hxg5 $14) 22... Bg6 23. h4 {[%cal Bh2h4,Bh4g5][%mdl 32]} f5 $1 24. g5 h6 (24... Qc8 $11) 25. f3 $36 {[%mdl 2112] [#] Trapped Piece. White is pushing.} hxg5 26. hxg5 Bh5 $2 {[%mdl 8192]} (26... Qc8 $16 {was worth a try.}) 27. Qc2 (27. Rc2 $142) 27... Bxf3 $2 (27... Qc8 {is more resistant.}) 28. Qc4+ $18 Kh7 29. Rc2 Kg6 {[#]} 30. Rh2 $2 (30. Nd2 $1 $18 {[%cal Rd2f3] and the rest is easy.} Nxd2 31. Bxd2 Rxe1 32. Bxe1) 30... Qc8 $2 {[%mdl 8192]} (30... Nxg5 $16 31. Bg2 Rxe1+ 32. Nxe1 Bg4) 31. Nd2 Bg4 32. Nxe4 {Intending Qg8 and mate.} fxe4 33. Qg8 Bh5 34. Bh3 $2 (34. Be2 {mates} Qc7 35. Bxh5+ Kf5 36. Bxc7 Ne5 37. Nxe5 Re7 38. Rf1+ Kxg5 39. Qh7 Rxc7 40. Qg6#) 34... Ne7 $2 {[%mdl 8192]} (34... Bd6 $16 35. Bxc8 (35. Qxe8+ Rxe8 36. Bxc8 Rxc8 $16) 35... Rxg8 36. Bxb7 (36. cxd6 Rxc8 37. Rxe4 Bf3 $11) (36. Bxd6 exd3 37. Bxb7 Rge8 $14) 36... exd3 37. cxd6 (37. Bxd6 Rde8 $11) 37... Rgf8) 35. Ne5# {Accuracy: White = 37%, Black = 23%.} 1-0

[Event "11th American Continental Women 2018"]
[Site "Envigado"]
[Date "2018.11.22"]
[Round "7"]
[White "Castrillon Gomez, Melissa"]
[Black "Franco Valencia, Beatriz Irene"]
[Result "1/2-1/2"]
[WhiteElo "2301"]
[BlackElo "2191"]
[Annotator "TA"]
[PlyCount "36"]
[EventDate "2018.11.17"]
[EventType "swiss"]
[EventRounds "9"]
[EventCountry "COL"]
[SourceTitle "playchess.com"]
[Source "ChessBase"]
[SourceQuality "1"]

{[%evp 13,36,58,53,55,62,55,61,60,47,47,61,62,76,48,47,52,50,33,19,0,40,0,50,0,50]} 1. d4 d6 2. e4 Nf6 3. Nc3 c6 4. Nf3 g6 5. h3 Bg7 6. Be3 b5 7. Bd3 {B08: Pirc Defence: Classical System} Bb7 {LiveBook: 4 Games} (7... O-O 8. O-O b4 9. Ne2 a5 10. Ng3 Nbd7 11. Qd2 Bb7 12. c4 bxc3 13. bxc3 Ba6 14. Rab1 Qc7 15. Bxa6 Rxa6 16. Bh6 {½-½ (44) Harikrishna,P (2744)-Andreikin,D (2712) Huaian 2017}) 8. O-O O-O 9. e5 {White is slightly better.} dxe5 10. dxe5 Nd5 11. Nxd5 Qxd5 12. Re1 Na6 $146 ({Predecessor:} 12... Nd7 13. Be4 Qxe4 14. Qxd7 Bc8 15. Qxe7 Qxc2 16. b4 {1-0 (32) Unver,C (2060)-Sahin,O (2106) Konya 2015}) 13. Qe2 Nb4 14. Red1 {aiming for Bxg6!} Qe6 15. Bc5 Na6 16. Be3 Nb4 17. Bc5 Na6 $1 {[%cal Ra6c5]} 18. Be3 Nb4 $1 1/2-1/2